Quizzes
Events
Quiz Creation
Community
Videos
Private Events
Remove Ads
Sign In
Join for FREE
Feedback
Dark Mode
Quiz Categories
Sports
Geography
Music
Movies
Television
Just For Fun
Miscellaneous
History
Literature
Language
Science
Gaming
Entertainment
Religion
Holiday
For Kids
Quiz Lab
Recent
Popular Today
Quiz Kudos Today
Editor Picks
Curator Picks
Quizzes by...
Day
Popularity
Type
Ratings
Length
Year
Community
Subscriptions
Recent Discussions
Orange Saloon
Badges
Playlists
Quests
Create
Leaderboards
Showdown
Live 5
Trivia Bingo
Activity
Puzzle Library
Sporcle Events
Private Events
Virtual Trivia
Globe League
Become a Host
Pub Owners
SporcleCon
Opinionation
Our Games
Videos
Blog
Mobile Apps
Partnerships
Remove Ads and Go Orange
Feedback
Television
TV Characters
TV Show
Sitcom
Network
Friends
Reality Shows
Cast
South Park
Star Trek
The Simpsons
Doctor Who
Television
TV Characters
TV Show
Sitcom
Network
Friends
Reality Shows
Cast
South Park
Star Trek
The Simpsons
Doctor Who
Random Quiz
Search Sporcle
×
Quiz Lab
Quiz Lab
Television
Doctor Who
Type in answers that appear in a list
Type in answers that appear in a list
Classic
Best Score? Go Orange.
Doctor Who: Matt Smith Episodes Stats
Can you name the Doctor Who: Season 5 Episodes?
By
drhorrible61
10m
45 Questions
661 Plays
661 Plays
661 Plays
Comments
Comments
Give Quiz Kudos
Give Quiz Kudos
-
- Ratings
hide this ad
Replay
Link that replays current quiz
Next Quiz
Link to next quiz in quiz playlist
You Got
0%
They Got
Avg Score
56%
Avg Friend Score
Upgrade to see
Score Distribution
Jump to the score distribution portion of the page
Score
0/45
Timer
10:00
0
Plays Today
Episode
% Correct
The Eleventh Hour
93.2%
The Pandorica Opens
85.9%
84.7%
The Beast Below
83.4%
The Big Bang
83.4%
Flesh and Stone
78.4%
The Time of Angels
76.9%
The Vampires of Venice
76.6%
The Angels Take Manhattan
76.4%
The Day of the Doctor
75.8%
Amy's Choice
75.6%
Asylum of the Daleks
74.6%
Vincent and the Doctor
74.4%
Dinosaurs on a Spaceship
73.5%
Victory of the Daleks
73.1%
The Lodger
72.6%
The Time of the Doctor
72.3%
The Hungry Earth
72.3%
The Power of Three
71.2%
The Name of the Doctor
70.9%
'The Impossible Astronaut
70.8%
The Bells of Saint John
70.6%
The Snowmen
69.5%
Episode
% Correct
Let's Kill Hitler
69.3%
The Wedding of River Song
67.2%
A Good Man Goes To War
66.9%
A Town Called Mercy
65.7%
A Christmas Carol
65.5%
Cold Blood
65.4%
The Crimson Horror
64.8%
Hide
63.7%
Nightmare in Silver
63.1%
Day of the Moon
63.1%
The Doctor, the Widow and the Wardrobe
62.2%
The Rings of Akhaten
62.2%
The Doctor's Wife
62.2%
The Rebel Flesh
60.4%
The Girl Who Waited
60.4%
The Almost People
60.2%
Cold War
59.9%
The Curse of the Black Spot
59.9%
The God Complex
58.4%
Closing Time
58.1%
Journey to the Centre of the TARDIS
55.6%
Night Terrors
53.6%
Quiz Playlist
Details
Report
Send in Message
Add To Playlist
Classic:
Type in answers that appear in a list
Last Updated: Feb 16, 2017
Quiz Scoreboard
CHALLENGE
Sign Up to Join the Scoreboard
Show All
Scores
Hide
Comments
May contain spoilers
Recently Published
1-10 Letter E Words III
by El_Dandy
Language
2m
One Thing in Common: World Cities II
by knightlancer
Geography
7m
Popular People in 1961
by mucciniale
History
6m
More to Explore
Quiz From the Vault
Featured Blog Post
Where Did the Easter Bunny Come From?
hide this ad
You Might Also Like...
Tags
Doctor Who Quiz
doctor
episode
season
Today's Top Quizzes in Television
Browse Television
hide this ad
Today's Top Quizzes in Doctor Who
Browse Doctor Who
Top Contributed Quizzes in Television
1
One Piece Logic Puzzle
2
Survivor Logic Puzzle: Heroes vs. Villains
3
Survivor Seasons
4
Survivor Season by Logo
5
Ultimate Survivor Logic Puzzle
6
Survivor Logic Puzzle: Winners at War
7
Survivor Trivia
8
Survivor Heroes vs. Villains Logic Puzzle
9
All US Survivor Seasons in Order
10
Emmerdale Characters (from August 2012)
Explore More
Trending Topics
Disney
Crossword
Anime
Harry Potter
NBA
Marvel
Kpop
Country
Song
WWE
Puzzle
Pokémon
NFL
Soccer
The Office
hide this ad
More By:
drhorrible61
Quiz
Plays
Rating
Category
Featured
Created
Avatar: the Last Airbender and Legend of Korra episodes
4,706
4.83
Television
Apr 21, 2012
Avatar: the Last Airbender characters by last line
2,463
4.92
Television
Sep 2, 2011
Avatar: the Last Airbender characters by first line.
1,643
4.71
Television
Sep 3, 2011
Avatar Characters
1,182
4.33
Television
Aug 29, 2012
Avatar Episodes by quote
994
4.33
Television
Sep 5, 2011
Go to Creator's Profile
Score Distribution
Quiz Creator Spotlight
drhorrible61
Follow
Send a Message
Quizzes Created
-
Created Quiz Play Count
-
More By This Creator
Popular Quizzes Today
1
Find the US States - No Outlines Minefield
2
The Countries of the World
3
Popular People in 1961
4
Find the Countries of Europe - No Outlines Minefield
5
1-10 Letter E Words III
6
Find the US States
7
One Thing in Common: World Cities II
8
US States
More Television Quizzes
Bonus Round Blitz! - TV Shows II
Quiz Lab
Trending Quizzes
1-10 Letter F Words
One Thing in Common: Music
1-10 Letter G Words
Risky Map Clicking: Next State Alphabetically
1-10 Letter F Words II
Recently Updated
Leaping Animals
pecheneg
Reality TV Shows (A-Z)
bhenderson79
Rickey Henderson's Hall of Fame Teammates
pecheneg
Champions League XIs: Arsenal
pecheneg
Quick Pick: Celebrities in WWE's Hall of Fame
aduchscher
A-Z Keypad Blitz II
pecheneg
Multiple Oscar Actors
pecheneg
Mystery Phrase Blitz: Oscar 'Best Actors'
pecheneg
F. Scott Fitzgerald Novels
LTH
Pick 3 Villains
ddd62291
Trending Topics
NBA
Anime
Marvel
Crossword
Harry Potter
Kpop
Disney
Song
Pokémon
The Office
Puzzle
Soccer
NFL
WWE
Country
Your Account Isn't Verified!
In order to create a playlist on Sporcle, you need to verify the email address you used during registration. Go to your
Sporcle Settings
to finish the process.
Report this User
Report this user for behavior that violates our
Community Guidelines
.
Details:
Send Report
Go to the Sporcle.com Mobile Site →
Comments